000 00485nam a2200181Ia 4500
001 1055
005 20260306140603.0
008 260306t2008||||xx |||||||||||||| ||spa||
041 _aESP
082 _a180
_bH447 T. 5
100 _aUrdánoz, Teófilo
_eAUT
245 0 _aHistoria de la filosofía:
_bsiglo XIX: socialismo, materialismo y positivismo. Kierkegaard y Nietzsche
260 _c2008
300 _a
_c20 cm.
650 _aGEN
654 _aCHU
942 _cLIB
_dJUS
_fJUS
_2ddc
_n
999 _c1055
_d1055